One piece quiz - Statistics

Statistiche generali
  • Questo quiz è stato fatto 253 volte
  • Il punteggio medio è 11 su 16
Answers on the Grid
Answers color-coded by a green-red scale on the quiz's grid according to % correct below.
Gol D. Roger
Bagy
Hina
Foxy
Kozuki Oden
Donquijote Do Flamingo
Stussy
Shanks
Rob Lucci
Crocodile
Rayleigh
Mihawk
Kuzan
Mone
Gaspardi
Monkey D. Garp
Sabo
Donquijote Rosinante
Capone Bege
Charlotte LinLin
Franky
Borsalino
Roronoa Zoro
Queen/Scien
 
Statistiche sulle risposte
Risposta % Corretto
Bagy
83%
Donquijote Do Flamingo
76%
Foxy
73%
Crocodile
71%
Rob Lucci
70%
Stussy
67%
Donquijote Rosinante
66%
Capone Bege
65%
Charlotte LinLin
64%
Kuzan
64%
Sabo
64%
Borsalino
63%
Hina
59%
Mone
59%
Queen/Scien
59%
Gaspardi
56%
Nessun quiz corrispondente trovato
Distribuzione punteggi
Percentuale di utenti per punteggio
Percentile per numero di risposta
I tuoi punteggi nel tempo
Non hai fatto questo quiz